000 00515 a2200169 4500
999 _c41135
_d41135
003 OSt
005 20210701122650.0
008 210701b ||||| |||| 00| 0 eng d
020 _a 9788173716140
040 _coclc
082 _a530.13
_bLAH/S
100 1 _aLahiri, Avijit
_98615
245 _aStatistical Mechanics: An Elementary Outline /
_cAvijit Lahiri
260 _b Hyderabad:
_aUniversities Press,
_c 2008 .
300 _a290 pages
942 _2ddc
_cBK
_h530.13
_iLAH/S
_k530.13
_mLAH/S